Jó utat, exportáruk! mit mond a külkereskedelem a szegedi termékekről /
Elmentve itt :
| Szerző: | |
|---|---|
| Dokumentumtípus: | Cikk |
| Megjelent: |
1965-10-24
|
| Sorozat: | Délmagyarország
55 No. 251 |
| Kulcsszavak: | Külkereskedelem Szeged 1965, külkereskedelem |
| Online Access: | http://dmarchiv.bibl.u-szeged.hu/68841 |
| LEADER | 00528nab a2200157 i 4500 | ||
|---|---|---|---|
| 001 | delm68841 | ||
| 005 | 20180927153733.0 | ||
| 008 | 180927s1965 hu o 0|| hun d | ||
| 040 | |a SZTE Délmagyarország Archívum |b hun | ||
| 041 | |a hun | ||
| 100 | 1 | |a Simai Mihály | |
| 245 | 1 | 0 | |a Jó utat, exportáruk! |h [elektronikus dokumentum] : |b mit mond a külkereskedelem a szegedi termékekről / |c Simai Mihály |
| 260 | |c 1965-10-24 | ||
| 300 | |a 3 | ||
| 490 | 0 | |a Délmagyarország |v 55 No. 251 | |
| 695 | |a Külkereskedelem Szeged 1965, külkereskedelem | ||